Connais tu vraiment PNL ? - Statistiques

Statistiques générales
  • Ce quiz a été pris 297 fois
  • Le résultat moyen est 8 sur 15
Statistiques - réponses
Question Réponse % Correct
Sur quel monument Au DD a-t-il été tourné ? Tour Eiffel
97%
Quel est l'album qui a eu le droit a une captation sur Netflix ? Dans La Legende
79%
Quel morceau est sorti pour célébrer la victoire de l'Algérie à la CAN 2019 ? Tahia
79%
Quel est leur premier projet ? Que la famille
76%
Comment se nomme le premier morceau de Dans la Legende ? DA
75%
Avec quel duo ont-ils fait plusieurs featuring ? DTF
73%
Quel morceau a été retiré des plateformes ? Tchiki Tchiki
55%
Avec quel rappeur Ademo a t'il fait un freestyle sur un toit ? Guizmo
41%
Comment s'appelle la série de solo de Ademo ? Mowgli
41%
Dans quel clip peut-on voir une carcasse d'avion ? Oh lala
40%
Dans quel pays "La vie est belle" a été tourné ? Namibie
29%
Avec quelle entreprise ont-ils fait une collaboration pour la sortie de Deux Frères ? Uber
28%
Quel est l'ancien nom de N.O.S ? Ladif
18%
Quel est le morceau le plus long ? Différents
17%
Dans quel magazine PNL ont il fait une apparition ? The Fader
13%
Aucun quiz correspondant
Distribution des résultats
% des personnes avec chaque résultat
Percentile par nombre de réponses
Votre historique - résultats
Vous n’avez pas pris ce quiz